000 00368 a2200133 4500
001 90955
082 _aPR 1672
090 _c43090
_d43090
100 _aAbdullah Ilyas; Prof Kashif and Taimur Shams (Advisors)
245 _aCFD Analysis of Microvortex Generators
_n75th 'A' EC
260 _aRawalpindi
_bNUST
_c2013
300 _aix;71p
500 _aBE Project Reports
942 _aCAE NUST
_kPR 1672
999 _c326028
_d326028